| 000 | 00553nam a22001937a 4500 | ||
|---|---|---|---|
| 005 | 20251108164708.0 | ||
| 008 | 250721s1984 xx 000 0 ara d | ||
| 082 | 1 | 4 | _a801.9/شول |
| 100 | 1 | _aشولز، روبرت | |
| 245 | 1 | 0 | _aالبنيوية في الأدب / |
| 264 | 1 |
_aدمشق : _bاتحاد الكتاب العرب، _c1984. |
|
| 300 | _a224ص | ||
| 650 | 1 | 7 | _aالأدب |
| 650 | 1 | 7 | _aالتاريخ الأدبي |
| 650 | 1 | 7 | _aالنقد الأدبي |
| 700 | 1 |
_aعبود، حنا _eترجمة |
|
| 942 |
_2ddc _cBK |
||
| 999 |
_c12080 _d12080 |
||